NFL Teams - AFC ONLY - Statistics

General Stats
  • This quiz has been taken 69 times
  • The average score is 14 of 16
Answer Stats
Conference Teams % Correct
AFC East New England Patriots
94%
AFC North Cincinnati Bengals
91%
AFC South Jacksonville Jaguars
91%
AFC West Kansas City Chiefs
91%
AFC West Los Angeles Chargers
91%
AFC East New York Jets
91%
AFC North Baltimore Ravens
88%
AFC East Buffalo Bills
88%
AFC South Houston Texans
88%
AFC East Miami Dolphins
88%
AFC North Pittsburgh Steelers
88%
AFC North Cleveland Browns
85%
AFC West Las Vegas Raiders
85%
AFC South Tennessee Titans
85%
AFC West Denver Broncos
82%
AFC South Indianapolis Colts
82%
No matching quizzes found
Score Distribution
Percent of People with Each Score
Percentile by Number Answered
Your Score History
You have not taken this quiz